[Event "Belt and Road Women-ch 2020"]
[Site "Xi'an"]
[Date "2020.12.04"]
[Round "5.4"]
[White "Zhao, Xue"]
[Black "Tan, Zhongyi"]
[Result "1-0"]
[WhiteElo "2486"]
[BlackElo "2510"]
[Annotator "ChessBase"]
[PlyCount "93"]
[EventDate "2020.12.03"]
[EventCountry "CHN"]
[SourceTitle "playchess.com"]
[Source "ChessBase"]
[SourceQuality "1"]
[TimeControl "900+5"]

1. d4 {[%emt 0:00:04]} d5 {[%emt 0:00:04]} 2. c4 {[%emt 0:00:02]} e6 {[%emt 0:00:02]} 3. Nf3 {[%emt 0:00:02]} Nf6 {[%emt 0:00:02]} 4. Nc3 {[%emt 0:00:02]} Be7 {[%emt 0:00:02]} 5. Bf4 {[%emt 0:00:05]} O-O {[%emt 0:00:04]} 6. e3 {[%emt 0:00:02]} Nbd7 {[%emt 0:00:01]} 7. cxd5 {[%emt 0:00:29]} Nxd5 {[%emt 0:00:07]} 8. Nxd5 {[%emt 0:00:02]} exd5 {[%emt 0:00:01]} 9. Bd3 {[%emt 0:00:02]} c5 {[%emt 0:00:43]} 10. dxc5 {[%emt 0:00:25]} Nxc5 {[%emt 0:00:11]} 11. O-O {[%emt 0:00:05]} Bg4 {[%emt 0:01:25]} 12. Be2 {[%emt 0:00:03]} Bf6 {[%emt 0:00:27]} 13. h3 {[%emt 0:04:26]} Bh5 {[%emt 0:00:17]} 14. Ne5 {[%emt 0:02:38]} Bxe2 {[%emt 0:00:13]} 15. Qxe2 {[%emt 0:00:02]} Qb6 {[%emt 0:03:48]} 16. Rfd1 {[%emt 0:00:54]} Rad8 {[%emt 0:00:13]} 17. Rac1 {[%emt 0:00:43]} Ne6 {[%emt 0:01:15]} 18. Bg3 {[%emt 0:00:03]} d4 {[%emt 0:00:24]} 19. Ng4 {[%emt 0:01:04]} Be7 {[%emt 0:00:20]} 20. exd4 {[%emt 0:01:06]} Rxd4 {[%emt 0:00:07]} 21. Rxd4 {[%emt 0:00:14]} Qxd4 {[%emt 0:00:02]} 22. Rd1 {[%emt 0:00:24]} Qb6 {[%emt 0:01:22]} 23. Ne3 {[%emt 0:00:11]} Bc5 {[%emt 0:00:51]} 24. Nd5 {[%emt 0:00:07]} Qa6 {[%emt 0:00:45]} 25. Qxa6 {[%emt 0:00:26]} bxa6 {[%emt 0:00:02]} 26. b4 {[%emt 0:00:02]} Bd4 {[%emt 0:00:26]} 27. Ne7+ {[%emt 0:00:03]} Kh8 {[%emt 0:00:03]} 28. Nc6 {[%emt 0:00:01]} Bb6 {[%emt 0:00:33]} 29. Rd7 {[%emt 0:00:03]} h5 {[%emt 0:00:31]} 30. Nxa7 {[%emt 0:00:58]} Nd4 {[%emt 0:00:24]} 31. Rb7 {[%emt 0:00:21]} Ne2+ {[%emt 0:00:02]} 32. Kh2 {[%emt 0:00:07]} Bd4 {[%emt 0:00:57]} 33. Nc6 {[%emt 0:00:02]} Bf6 {[%emt 0:00:16]} 34. Bd6 {[%emt 0:00:52]} Rc8 {[%emt 0:00:03]} 35. Rb8 {[%emt 0:00:12]} Rxb8 {[%emt 0:00:01]} 36. Nxb8 {[%emt 0:00:01]} Bd4 {[%emt 0:00:27]} 37. Nxa6 {[%emt 0:00:25]} Bxf2 {[%emt 0:00:02]} 38. Nc5 {[%emt 0:00:39]} h4 {[%emt 0:00:04]} 39. b5 {[%emt 0:00:24]} Ng3 {[%emt 0:00:30]} 40. Nd3 {[%emt 0:00:15]} Nf1+ {[%emt 0:00:11]} 41. Kh1 {[%emt 0:00:01]} Bb6 {[%emt 0:00:03]} 42. Bc5 {[%emt 0:00:05]} Ng3+ {[%emt 0:00:07]} 43. Kg1 {[%emt 0:00:02]} Bc7 {[%emt 0:00:01]} 44. b6 {[%emt 0:00:04]} Bb8 {[%emt 0:00:02]} 45. a4 {[%emt 0:00:02]} Ne4 {[%emt 0:00:06]} 46. Bd4 {[%emt 0:00:05]} Nd2 {[%emt 0:00:33]} 47. Be5 {[%emt 0:00:06]} 1-0

[Event "Belt and Road Women-ch 2020"]
[Site "Xi'an"]
[Date "2020.12.04"]
[Round "5.5"]
[White "Hou, Yifan"]
[Black "Dzagnidze, Nana"]
[Result "0-1"]
[WhiteElo "2658"]
[BlackElo "2524"]
[Annotator "TA"]
[PlyCount "64"]
[EventDate "2020.12.03"]
[EventCountry "CHN"]
[SourceTitle "playchess.com"]
[Source "ChessBase"]
[SourceQuality "1"]

{[%evp 20,64,47,6,62,24,63,55,80,65,71,63,117,130,118,123,108,25,15,0,0,2,12,0,0,-89,-69,-120,-116,-109,-117,-125,-97,-114,-121,-112,110,115,120,-29985,-29986,-29992,-29993,-29993,-29994,-29994,-29995]} 1. e4 c5 2. Nf3 Nc6 3. d4 cxd4 4. Nxd4 e6 5. Nc3 Qc7 6. Be3 a6 7. Be2 Nf6 8. O-O d6 9. f4 Be7 10. Kh1 Bd7 11. Qe1 h5 {B84: Sicilian Scheveningen: 6 Be2 a6, lines without early Be3.} ({Black should try} 11... b5 $11) 12. a4 {[#]} g6 $146 ({Predecessor:} 12... Rc8 13. Rd1 h4 14. Bf3 Nxd4 15. Bxd4 e5 16. Be3 Qa5 17. Rd3 Be6 18. b3 exf4 19. Bxf4 {1-0 (61) Pourramezanali,A (2510)-Darini,P (2518) Teheran 2017}) 13. Rd1 h4 {White is slightly better.} 14. Qf2 Nb4 15. Nb3 Rc8 (15... h3 $14) 16. Bb6 $16 Qb8 17. e5 Nfd5 18. Nxd5 (18. Bd4 $16 Rh7 19. Bf3) 18... Nxd5 $11 19. Ba7 Qc7 20. c4 Bxa4 21. cxd5 Bxb3 22. Bb6 {[#]} (22. f5 $11 {remains equal.} gxf5 23. dxe6 $1 {[%mdl 512]} Bxe6 24. Bb6) 22... Qd7 $1 $17 23. dxe6 (23. Bg4 $15) 23... Qxe6 {aiming for ...h3.} 24. f5 gxf5 (24... Qxe5 $2 25. Bd4 $18) 25. Bd3 f4 (25... Qxe5 $2 26. Rde1 $18) (25... dxe5 26. Bxf5 Qc4 27. Rd3 $11) 26. exd6 Bxd1 ({Don't blunder} 26... Bxd6 $2 27. Rde1 $18 (27. Bf5 Qxf5 28. Rxd6 h3 $17)) 27. dxe7 {[#] Threatens to win with Qd4.} h3 $2 (27... Rh6 $1 $17 {keeps the pressure on.} 28. Rxd1 (28. Qxf4 Bc2 $17) 28... Qxb6 29. Qxf4 h3) 28. Rxd1 $16 {Black must now prevent Bf1.} hxg2+ 29. Kxg2 $2 {[%mdl 8192] Loses the game.} (29. Kg1 $16) 29... Qg4+ {[%mdl 64] Double Attack. Black mates.} 30. Qg3 fxg3 31. Bb5+ axb5 32. Rd8+ Kxe7 {Weighted Error Value: White=0.50/Black=0.28} 0-1

[Event "Belt and Road Women-ch 2020"]
[Site "Xi'an"]
[Date "2020.12.05"]
[Round "6.1"]
[White "Abdumalik, Zhansaya"]
[Black "Dzagnidze, Nana"]
[Result "0-1"]
[WhiteElo "2478"]
[BlackElo "2524"]
[Annotator "ChessBase"]
[PlyCount "78"]
[EventDate "2020.12.03"]
[EventCountry "CHN"]
[SourceTitle "playchess.com"]
[Source "ChessBase"]
[SourceQuality "1"]
[TimeControl "900+5"]

1. e4 {[%emt 0:00:01]} c6 {[%emt 0:00:03]} 2. d4 {[%emt 0:00:05]} d5 {[%emt 0:00:02]} 3. Nd2 {[%emt 0:00:01]} dxe4 {[%emt 0:00:05]} 4. Nxe4 {[%emt 0:00:01]} Bf5 {[%emt 0:00:02]} 5. Ng3 {[%emt 0:00:06]} Bg6 {[%emt 0:00:01]} 6. h4 {[%emt 0:00:01]} h6 {[%emt 0:00:02]} 7. Nh3 {[%emt 0:00:55]} e6 {[%emt 0:00:17]} 8. Nf4 {[%emt 0:00:32]} Bh7 {[%emt 0:00:09]} 9. Be3 {[%emt 0:00:43]} Nf6 {[%emt 0:00:15]} 10. Bd3 {[%emt 0:00:07]} Bxd3 {[%emt 0:00:09]} 11. Qxd3 {[%emt 0:00:00]} Qa5+ {[%emt 0:01:32]} 12. Bd2 {[%emt 0:01:39]} Bb4 {[%emt 0:02:14]} 13. c3 {[%emt 0:00:12]} Be7 {[%emt 0:00:52]} 14. b4 {[%emt 0:00:44]} Qa6 {[%emt 0:00:38]} 15. c4 {[%emt 0:01:07]} Nbd7 {[%emt 0:00:19]} 16. a4 {[%emt 0:00:38]} O-O {[%emt 0:00:12]} 17. O-O {[%emt 0:00:31]} b6 {[%emt 0:01:44]} 18. Rfe1 {[%emt 0:00:24]} Rfe8 {[%emt 0:00:02]} 19. b5 {[%emt 0:00:54]} Qb7 {[%emt 0:00:04]} 20. Qf3 {[%emt 0:00:54]} Rac8 {[%emt 0:00:04]} 21. Ngh5 {[%emt 0:00:24]} Nxh5 {[%emt 0:03:25]} 22. Nxh5 {[%emt 0:00:03]} Nf6 {[%emt 0:00:01]} 23. Ng3 {[%emt 0:01:00]} Qd7 {[%emt 0:00:23]} 24. Qd3 {[%emt 0:02:08]} c5 {[%emt 0:00:21]} 25. Bc3 {[%emt 0:01:06]} cxd4 {[%emt 0:00:18]} 26. Bb2 {[%emt 0:00:32]} Bc5 {[%emt 0:00:42]} 27. Re5 {[%emt 0:00:13]} Bd6 {[%emt 0:00:07]} 28. Re2 {[%emt 0:00:18]} Bxg3 {[%emt 0:00:18]} 29. Qxg3 {[%emt 0:00:02]} Rxc4 {[%emt 0:00:04]} 30. Rd1 {[%emt 0:00:06]} Qd5 {[%emt 0:00:36]} 31. Re5 {[%emt 0:00:07]} Qd6 {[%emt 0:00:03]} 32. Bc1 {[%emt 0:00:37]} Nd7 {[%emt 0:00:41]} 33. Bf4 {[%emt 0:00:01]} Nxe5 {[%emt 0:00:54]} 34. Bxe5 {[%emt 0:00:01]} Qf8 {[%emt 0:00:01]} 35. Bd6 {[%emt 0:00:01]} Re7 {[%emt 0:00:01]} 36. Qa3 {[%emt 0:00:00]} Rcc7 {[%emt 0:00:18]} 37. Rxd4 {[%emt 0:00:23]} Qd8 {[%emt 0:00:06]} 38. Qe3 {[%emt 0:00:11]} e5 {[%emt 0:00:25]} 39. Rd5 {[%emt 0:00:51]} Re6 {[%emt 0:00:17]} 0-1

[Event "Belt and Road Women-ch 2020"]
[Site "Xi'an"]
[Date "2020.12.05"]
[Round "6.2"]
[White "Tan, Zhongyi"]
[Black "Hou, Yifan"]
[Result "0-1"]
[WhiteElo "2510"]
[BlackElo "2658"]
[Annotator "TA"]
[PlyCount "60"]
[EventDate "2020.12.03"]
[EventCountry "CHN"]
[SourceTitle "playchess.com"]
[Source "ChessBase"]
[SourceQuality "1"]

{[%evp 21,60,33,54,66,47,0,0,0,15,0,0,0,0,-24,52,36,71,70,57,68,72,70,77,0,7,-25,-18,-112,-122,-112,-118,-118,-89,-104,-81,-670,-677,-677,-677,-652,-645]} 1. c4 c5 2. Nf3 Nf6 3. d4 cxd4 4. Nxd4 b6 5. f3 Bb7 6. e4 d6 7. Nc3 e6 8. Be3 a6 9. Be2 Be7 10. O-O O-O 11. a4 Nc6 12. Nxc6 {A31: Symmetrical English: 2 Nf3 Nf6 3 d4.} Bxc6 13. b4 {[%cal Bb2b4,Bb4b5][%mdl 32]} a5 14. b5 {The position is equal.} Bb7 {[#]} 15. e5 $146 ({Predecessor:} 15. Qb3 Rc8 16. Rfd1 Qc7 17. Rac1 Nd7 18. Nb1 Rfe8 19. Nd2 Nc5 20. Qa2 Qb8 21. Nb3 {½-½ (87) Brancaleoni,M (2224)-Caprio,G (2430) Fano 2012}) 15... dxe5 16. Qxd8 Bxd8 17. c5 Nd5 (17... bxc5 $11 18. Bxc5 Re8) 18. Nxd5 $14 exd5 19. c6 ({Weaker is} 19. cxb6 d4 $17) 19... Bc8 20. f4 f6 21. fxe5 fxe5 {[#]} 22. Bf3 ({White should play} 22. Rxf8+ $1 $16 Kxf8 23. Rf1+ Ke8 24. Bd3) 22... Be6 $11 23. Rad1 d4 24. c7 (24. Bf2 $1 $11 {keeps the balance.}) 24... Bxc7 $17 ({Stronger than} 24... dxe3 25. Bxa8 Bxc7 26. Bd5 $16) 25. Bxa8 Rxa8 26. Rc1 Bd6 $36 {[%mdl 2048] Keeping White busy.} 27. Rc6 {[%mdl 64] [#] Double Attack} Bc5 $1 28. Rxe6 $4 {[%mdl 8192]} (28. Bd2 $17 Bd5 29. Rc7) 28... dxe3 $19 {Black is clearly winning.} 29. Rxe5 e2+ $1 {[%mdl 64] Discovered Attack} 30. Rf2 Rd8 {Weighted Error Value: White=0.54/Black=0.17} 0-1

[Event "Belt and Road Women-ch 2020"]
[Site "Xi'an"]
[Date "2020.12.05"]
[Round "6.3"]
[White "Lei, Tingjie"]
[Black "Zhao, Xue"]
[Result "1-0"]
[WhiteElo "2505"]
[BlackElo "2486"]
[Annotator "TA"]
[PlyCount "53"]
[EventDate "2020.12.03"]
[EventCountry "CHN"]
[SourceTitle "playchess.com"]
[Source "ChessBase"]
[SourceQuality "1"]

{[%evp 14,53,0,-14,36,20,39,37,37,37,37,37,108,124,120,120,193,191,174,172,267,247,373,371,339,358,390,383,391,387,518,462,493,491,484,479,667,659,675,675,675,655]} 1. d4 Nf6 2. c4 e6 3. g3 d5 4. Bg2 dxc4 5. Nf3 Be7 6. Na3 Bxa3 7. bxa3 {[%cal Bb2a3,Ba3a4][%mdl 32]} O-O 8. O-O Nbd7 {E05: Open Catalan: 5 Nf3 Be7.} 9. a4 {[%mdl 1024] White has compensation.} a5 10. Ba3 Re8 $1 {White is slightly better.} 11. Rc1 Nb6 12. Ne5 {[#]} Bd7 $146 ({Better is} 12... Nfd5 $14) ({Predecessor:} 12... Nfd5 13. e4 Nb4 14. Qh5 Qe7 15. Nxc4 Nxc4 16. Rxc4 b6 17. Rfc1 Ra7 18. Qe5 f6 {1-0 (28) Jones,G (2671)-Friedel,J (2524) Reykjavik 2017}) 13. Bxb7 $16 Bxa4 14. Qd2 Nfd7 (14... Rb8 $16 15. Nc6 Bxc6 16. Bxc6 Nfd7) 15. Bxa8 $18 ({Resist} 15. Nxc4 Nxc4 16. Rxc4 Rb8 $16) 15... Nxe5 16. Bg2 Nc6 (16... Bc6 $142 17. f3 (17. Qxa5 Bxg2 18. Kxg2 Qxd4 $14) 17... Ned7) 17. Bc5 Qd7 (17... Nb4 {was worth a try.} 18. a3 N4d5 19. Qxa5 Bb3) 18. Bxb6 cxb6 19. Rxc4 Bb5 20. Bxc6 Bxc6 21. Rfc1 Bb7 22. Rc7 {White is clearly winning.} Qd5 {[%csl Gb7][%cal Rd5h1] [#]} 23. f3 Ba6 24. Ra7 Bc4 25. e4 Qc6 26. Qf4 e5 {[#]} 27. Qxf7+ $1 {[%mdl 576] Pin. Black got outplayed after the opening.  Weighted Error Value: White=0.01/Black=0.45} 1-0

[Event "Belt and Road Women-ch 2020"]
[Site "Xi'an"]
[Date "2020.12.05"]
[Round "6.4"]
[White "Khademalsharieh, Sarasadat"]
[Black "Atalik, Ekaterina"]
[Result "1-0"]
[WhiteElo "2494"]
[BlackElo "2430"]
[Annotator "TA"]
[PlyCount "209"]
[EventDate "2020.12.03"]
[EventCountry "CHN"]
[SourceTitle "playchess.com"]
[Source "ChessBase"]
[SourceQuality "1"]

{[%evp 18,209,32,0,18,4,73,49,92,94,112,122,124,87,82,85,133,123,131,131,171,127,161,161,151,138,132,51,109,112,107,120,112,118,132,103,92,91,93,95,87,87,82,62,60,-73,-64,-49,-6,-8,-7,-210,-212,-205,-203,-199,-196,-217,-203,-198,-169,-224,-225,-216,-187,-230,-230,-231,-231,-236,-239,-256,-256,-256,-256,-256,-224,-256,-252,-252,-246,-247,-197,-197,-200,-241,-219,-219,-219,-219,-219,-219,-219,-219,-219,-219,-219,-219,-219,-219,-219,-219,-219,-219,-219,-219,-219,-219,-219,-219,-219,-259,-228,-261,-67,-67,-67,-68,-30,-219,0,-219,-219,-215,-202,-241,-241,-243,-158,-158,-38,-160,-104,-296,-112,-112,-74,-74,-74,-95,0,0,0,0,0,0,0,-74,0,0,0,0,0,0,0,0,0,0,0,0,0,0,0,0,0,0,8,8,8,0,8,8,8,8,8,0,8,8,12727,12706,12713,12706,12706,4631,29978,29979,29978,29980,29982,29983,29983,29984,29984,29985]} 1. d4 Nf6 2. c4 g6 3. g3 d5 4. cxd5 Nxd5 5. Bg2 Bg7 6. Nc3 Nb6 7. Nf3 Nc6 8. e3 O-O 9. O-O Re8 10. Re1 {10.h3 is the modern continuation.} a5 {D76: Fianchetto Grünfeld: Main Line with 7...Nb6.} 11. Qe2 Bf5 (11... Bg4 $11 {keeps the balance.}) 12. Rd1 (12. d5 $5 Ne5 13. Nxe5 Bxe5 14. e4 $14) 12... Qc8 {White is slightly better.} 13. d5 $1 {[%cal Rd5c6] [#]} Nb4 $146 ({Predecessor:} 13... Ne5 14. Nxe5 Bxe5 15. e4 Bh3 16. Be3 Bxg2 17. Kxg2 Ra6 18. Rac1 e6 19. Nb5 exd5 20. exd5 {1-0 (27) Radjabov,T (2752)-Heimann,A (2485) Rogaska Slatina 2011}) 14. e4 Bg4 15. a3 Na6 16. Be3 Nd7 17. h3 Bxf3 18. Bxf3 Ndc5 19. Bg2 Nb3 20. Rab1 Nac5 21. Qc4 b6 22. Na4 (22. f4 $16) 22... Qa6 (22... Rb8 $14) 23. Qc2 $16 Qb5 24. Nc3 Qd7 25. Bf1 Rf8 26. a4 e5 27. dxe6 Qxe6 28. Nd5 {Black must now prevent Bc4.} Qxe4 29. Qxe4 Nxe4 30. Nxc7 Rad8 31. Bxb6 (31. Nd5 $14 {stays ahead.}) 31... Ned2 $1 $17 {[%cal Rd2b1]} 32. Nb5 Rb8 33. Bc7 $1 Rbc8 $36 {[%mdl 2048] Black is more active.} 34. Rxd2 $2 ({Of course not} 34. Bd6 Rfd8 $17) (34. Bg2 $1 $11) 34... Nxd2 $19 35. Rd1 Nxf1 36. Kxf1 Bxb2 37. Bxa5 Ra8 38. Bb4 Rfd8 (38... Rxa4 39. Bxf8 Kxf8 40. Rd7 $11) 39. Rb1 (39. Rxd8+ $142 Rxd8 40. a5) 39... Be5 40. a5 Rdb8 41. Bd2 {[#]} Bc7 $1 {[%mdl 576] Pin} 42. Rc1 (42. Nxc7 Rxb1+) 42... Bxa5 ({Not} 42... Rxb5 43. Rxc7 Rb1+ 44. Kg2 $17) 43. Bxa5 Rxa5 {[%mdl 4096] Endgame KRR-KRN} 44. Nd4 {intending Nc6.} Ra2 {Threatens to win with ...Rbb2.} 45. Rc3 Rbb2 46. Rf3 Kg7 47. h4 h5 48. Nc6 Rb1+ 49. Kg2 Rab2 50. Nd8 f6 51. Rd3 Rb8 {And now ...R1b6 would win.} 52. Rd7+ Kg8 $1 53. Ne6 R1b7 54. Rd3 Re7 55. Nf4 Kf7 56. Rd6 Rbb7 57. Rc6 Rbd7 58. Rc8 Kg7 59. Rc6 Re5 60. Ne6+ Kf7 61. Nf4 {Cut Off at move 61} Rb5 62. Ra6 Rb2 63. Ra3 Rdd2 64. Ra7+ Ke8 65. Nh3 {[#]} Kf8 $2 (65... g5 $1 $19 66. Ra8+ (66. hxg5 fxg5) 66... Kd7 67. Ra7+ Kd8 68. Ra8+ Kc7 69. hxg5 fxg5) 66. Ra6 $15 Ke7 {...g5! is the strong threat.} 67. Ra7+ Rd7 68. Ra3 $2 (68. Rxd7+ $1 $11 {and White stays safe.} Kxd7 69. Nf4) 68... Kf7 69. Nf4 Kg7 70. Ne6+ Kh6 71. Rf3 Rd6 72. Nc5 g5 73. Ne4 g4 ({Black should play} 73... Rd4 $17 74. Rxf6+ Kg7) 74. Rf4 (74. Nxd6 $15 gxf3+ 75. Kxf3) 74... Re6 (74... Rd1 $142 {Strongly threatening ...Rbb1.} 75. Rxf6+ Kg7) 75. Nxf6 $2 (75. Rxf6+ $17 {was forced.} Rxf6 76. Nxf6) 75... Rbe2 $2 (75... Rc2 $19 76. Ne4 Kg6) 76. Nd5 $17 R2e4 77. Rf8 Kg7 78. Rb8 Rd4 {[#]} ({Better is} 78... Ra6 $17 79. Rb7+ Kh6) 79. Nf4 $1 $11 {[%mdl 512]} Re5 80. Rb7+ Kg8 81. Rb8+ Kf7 82. Rh8 (82. Rb7+ $11 {remains equal.} Ke8 83. Rh7) 82... Rxf4 (82... Rf5 $1 $17) 83. gxf4 $17 {KR-KR} Rf5 84. Kg3 Rb5 85. Rh6 Kg7 86. Re6 Rb3+ 87. Re3 Rb1 88. Re5 Rb3+ 89. Kg2 Kg6 90. Re3 Rb1 91. Re6+ Kf5 92. Re5+ Kg6 93. Re6+ Kf5 94. Rh6 Kxf4 95. Rxh5 Rb2 96. Rg5 Ra2 97. Rg8 {aiming for Rf8+.} Rb2 $2 {[%mdl 8192] [#]} (97... Ra3 $11) 98. Rf8+ $1 $18 Ke5 {[#]} 99. Kg3 $1 Rb4 100. h5 Ke6 101. h6 {White mates.} Rb7 102. Kxg4 Rb4+ 103. f4 Rb7 104. f5+ Ke5 105. Kg5 {Both players deserved the win here.  Weighted Error Value: White=0.21/Black=0.12} 1-0

[Event "Belt and Road Women-ch 2020"]
[Site "Xi'an"]
[Date "2020.12.05"]
[Round "6.5"]
[White "Muzychuk, Mariya"]
[Black "Stefanova, Antoaneta"]
[Result "1/2-1/2"]
[WhiteElo "2544"]
[BlackElo "2466"]
[Annotator "TA"]
[PlyCount "77"]
[EventDate "2020.12.03"]
[EventCountry "CHN"]
[SourceTitle "playchess.com"]
[Source "ChessBase"]
[SourceQuality "1"]

{[%evp 10,77,9,3,36,37,35,35,27,31,35,25,28,30,54,27,38,35,43,38,25,0,4,0,-6,0,-4,-14,0,0,12,11,13,0,0,0,0,-21,10,5,8,0,9,2,5,0,10,0,5,0,0,0,0,0,0,0,0,0,0,-6,-6,-9,-2,-7,-2,-2,0,0,0,-6]} 1. e4 c6 2. d4 d5 3. exd5 cxd5 4. c4 Nf6 5. Nc3 Nc6 6. Nf3 Bf5 {B13: Caro-Kann: Exchange Variation and Panov-Botvinnik Attack.} 7. Bg5 Ne4 8. cxd5 Nxc3 {White is slightly better.} 9. bxc3 Qxd5 10. Qb3 Qxb3 11. axb3 e6 12. Bb5 (12. Be2 {feels hotter.} a6 13. O-O Be7 14. Be3 Bg4 15. h3) 12... Bd6 {[#]} 13. O-O $146 ({Predecessor:} 13. Ne5 Bxe5 14. dxe5 a6 15. Bxc6+ bxc6 16. b4 h6 17. Be3 O-O 18. Ke2 Rfd8 19. Bd4 Be4 20. Rhg1 Bd5 21. Kd3 {½-½ (21) John,G-Hilchenbach,H GER email 2008}) 13... f6 14. Be3 Kf7 15. Bxc6 bxc6 {The position is equal.} 16. Ra5 Bc7 17. Ra3 a5 18. Rfa1 Rac8 19. Nd2 Rhe8 20. Nc4 Rb8 21. Nxa5 Bxa5 22. Rxa5 Rxb3 23. Rc5 Rb6 (23... Ra8 {looks sharper.} 24. Rc1 Ra6 25. c4 Be4 26. h4 Ke7) 24. h3 Re7 25. Ra8 Re8 26. Ra7+ Re7 27. Ra8 Re8 28. Ra7+ Re7 29. Rca5 (29. Ra3 {keeps more tension.} Bd3 30. c4 Be2 31. Ra2 Bd3 32. Rd2) 29... Rb3 30. Rxe7+ Kxe7 $11 {[%mdl 4096] Endgame KRB-KRB} 31. Ra7+ Kf8 32. c4 Rc3 33. c5 Be4 34. h4 h5 35. Kh2 Bd5 36. Rc7 Rc2 37. Ra7 Ra2 38. Rxa2 Bxa2 39. Kg3 {Weighted Error Value: White=0.06/Black=0.04} 1/2-1/2

[Event "Belt and Road Women-ch 2020"]
[Site "Xi'an"]
[Date "2020.12.05"]
[Round "7.1"]
[White "Stefanova, Antoaneta"]
[Black "Abdumalik, Zhansaya"]
[Result "0-1"]
[WhiteElo "2466"]
[BlackElo "2478"]
[Annotator "TA"]
[PlyCount "92"]
[EventDate "2020.12.03"]
[EventCountry "CHN"]
[SourceTitle "playchess.com"]
[Source "ChessBase"]
[SourceQuality "1"]

{[%evp 10,92,34,-12,29,26,39,-10,-4,-15,-18,-67,-40,-47,-18,-51,101,-1,37,46,58,-38,-40,-25,21,0,106,-69,-70,-65,-58,-66,-64,-64,-25,-16,-14,-17,-17,-160,-156,-154,-97,-114,-54,-107,-110,-106,-56,-108,-110,-147,-154,-150,-141,-156,-145,-196,-182,-193,-185,-191,-195,-180,-174,-340,-352,-332,-331,-324,-143,-467,-454,-449,-383,-380,-380,-375,-345,-600,-598,-582,-572,-1132,-1179]} 1. d4 Nf6 2. c4 g6 3. Nc3 d5 4. Nf3 Bg7 5. cxd5 Nxd5 6. Na4 O-O {6...Bf5 might become the main line. D90: Grünfeld: 4 Nf3 Bg7 sidelines.} (6... Bf5 $5 {[%cal Rd5b4]} 7. Bd2 Qd6 $11) 7. e4 Nf6 8. Nc3 c5 {The position is equal.} 9. d5 $1 e6 {[#]} 10. d6 $146 ({Predecessor:} 10. Be2 exd5 11. exd5 b6 12. O-O Bb7 13. d6 Nc6 14. Bf4 a6 15. Qd2 Re8 16. Rad1 {½-½ (16) Pedersen,S (2324)-Schulenburg,T (2162) Germany 2019}) 10... e5 11. Bg5 h6 12. Be3 b6 $2 (12... Nc6 $15 {keeps the upper hand.}) 13. Qd2 (13. Nxe5 $16 Bb7 14. Qb3) 13... Kh7 14. Nxe5 {Threatens to win with Bc4.} Bb7 $1 15. Bc4 (15. f3 $14) 15... Nxe4 $15 16. Nxe4 Bxe5 17. Bxh6 Qh4 (17... Bxe4 $11 {remains equal.} 18. Bxf8 Qxf8) 18. Ng5+ $2 (18. Bd5 $16 Bxd5 19. Qxd5 {[%mdl 64] Double Attack} Kxh6 20. Qxa8 (20. Qxe5 Nc6 $17)) 18... Kxh6 19. Nf3+ (19. Nxf7+ $2 Kh7 $17) 19... Bf4 20. Nxh4 Bxd2+ 21. Kxd2 Nc6 22. Nf3 Rad8 23. Rad1 Rxd6+ 24. Kc1 (24. Kc3 $1 $11 {keeps the balance.} Rfd8 25. Rxd6 Rxd6 26. Re1 (26. Bxf7 Nd4 $15)) 24... Nd4 $17 25. Ne5 Kg7 ({Black should play} 25... Bxg2 26. Nxf7+ Rxf7 $1 {[%mdl 512]} 27. Bxf7 Bxh1 28. Rxh1 Rf6) 26. f3 f6 (26... b5 $17 27. Bxf7 Rxf7 28. Nxf7 Kxf7) 27. Ng4 (27. Nd3 $15) 27... b5 28. Bd3 Rfd8 29. Nf2 (29. Rhe1 $15 R8d7 30. Be4) 29... f5 $36 {[%mdl 2048] Black is really pushing.} 30. Rde1 {Black should prevent Re7+.} Kf6 31. h4 c4 32. Bb1 Rc8 {Strongly threatening ...Nb3+!} 33. Re3 (33. Nd1 $17) 33... b4 $19 {[%cal Bb5b4,Bb4c3][%mdl 32] Hoping for ...Nb3+!} 34. Bc2 c3 35. bxc3 Rxc3 36. Rxc3 {[#]} Ne2+ $1 ({Don't do} 36... bxc3 37. Bd3 $15) 37. Kb2 $2 (37. Kb1 Nxc3+ 38. Kb2) 37... bxc3+ 38. Kb1 Rb6+ 39. Bb3 Nd4 (39... Bd5 $19 {has better winning chances.} 40. Kc2 Bxb3+ 41. axb3 Ra6) 40. Nd3 $2 {[%mdl 8192] White does not recover from this.} (40. h5 $17 gxh5 41. Kc1) 40... Bd5 $1 41. Rc1 Bxb3 ({Less strong is} 41... Nxb3 42. axb3 Rxb3+ 43. Kc2 $17) 42. axb3 Rxb3+ 43. Ka2 a5 44. Nc5 $2 (44. g4) 44... Rb2+ {[%mdl 64] Double Attack. Black is clearly winning.} 45. Ka3 Rxg2 46. Rxc3 Nb5+ {[%mdl 64] Double Attack.  Weighted Error Value: White=0.61/Black=0.28} 0-1